The use of matrix reference materials in.... (Record no. 900)
[ view plain ]
| 000 -LEADER | |
|---|---|
| fixed length control field | 00757nam a22002417a 4500 |
| 008 - FIXED-LENGTH DATA ELEMENTS--GENERAL INFORMATION | |
| fixed length control field | 131127b xxu||||| |||| 00| 0 eng d |
| 020 ## - INTERNATIONAL STANDARD BOOK NUMBER | |
| International Standard Book Number | 0-85404-739-5 |
| 024 ## - OTHER STANDARD IDENTIFIER | |
| Terms of availability | Available |
| 037 ## - SOURCE OF ACQUISITION | |
| Terms of availability | Available |
| 040 ## - CATALOGING SOURCE | |
| Original cataloging agency | MBSTU LIBRARY |
| Modifying agency | MBSTU LIBRARY |
| 082 ## - DEWEY DECIMAL CLASSIFICATION NUMBER | |
| Edition number | 22 |
| Classification number | 363.7 USE |
| 100 ## - MAIN ENTRY--PERSONAL NAME | |
| Personal name | Edited by A.Fajgelj. |
| 245 ## - TITLE STATEMENT | |
| Title | The use of matrix reference materials in.... |
| 260 ## - PUBLICATION, DISTRIBUTION, ETC. (IMPRINT) | |
| Place of publication, distribution, etc. | Cambridge |
| Name of publisher, distributor, etc. | Royal Soceity of Chemistry. |
| Date of publication, distribution, etc. | 1999 |
| 300 ## - PHYSICAL DESCRIPTION | |
| Extent | 24 cm. |
| Other physical details | 206 page |
| Type of unit | 1 |
| Size of unit | 24 cm. |
| 600 ## - SUBJECT ADDED ENTRY--PERSONAL NAME | |
| Source of heading or term | Environmental problems. |
| 650 ## - SUBJECT ADDED ENTRY--TOPICAL TERM | |
| Source of heading or term | Environmental problems. |
| 700 ## - ADDED ENTRY--PERSONAL NAME | |
| Personal name | Edited by A.Fajgelj. |
| 270 ## - ADDRESS | |
| Address | Cambridge |
| City | Cambridge |
| Country | Australia. |
| 365 ## - TRADE PRICE | |
| Price amount | 9000.00 |
| Unit of pricing | 9000.00 |
| 942 ## - ADDED ENTRY ELEMENTS (KOHA) | |
| Source of classification or shelving scheme | |
| Koha item type | Books |
No items available.
